000 00729cab a2200241 4500
001 Z3814
008 090401t1993 xxu||||| |||| 00| 0 eng d
035 _a(Sirsi) u55302
041 _aeng
245 _aLeasehold reform, housing and urban development bill
260 _c1993
350 _a0
490 _aProperty Journal
_v18(3) June 1993, 11(1)
520 _aNotes the amendments made in the House of Lords.
650 _aHOUSING AND URBAN DEVELOPMENT BILL
650 _aLEASEHOLD ENFRANCHISEMENT
650 _aLEASEHOLD REFORM, HOUSING AND URBAN DEVELOPMENT BILL
650 _aMARRIAGE VALUE
650 _aRESIDENCY TEST
690 _aLANDLORD AND TENANT-LEASEHOLD REFORM
942 _n0
948 _c04/03/1997
999 _c33776
_d33776